LIBRARY & INFORMATION CENTRE, KCAET, TAVANUR

ONLINE PUBLIC ACCESS CATALOGUE (OPAC)

Principles of Dairy Management (Record no. 14280)

MARC details
000 -LEADER
fixed length control field 00286nam a22001217a 4500
020 ## - INTERNATIONAL STANDARD BOOK NUMBER
ISBN 9788176221993
082 ## - DEWEY DECIMAL CLASSIFICATION NUMBER
Classification number 637.1
Item number VEN/PR
100 ## - MAIN ENTRY--AUTHOR NAME
Personal name Venkateshwara Rao, P
245 ## - TITLE STATEMENT
Title Principles of Dairy Management
260 ## - PUBLICATION, DISTRIBUTION, ETC. (IMPRINT)
Place of publication Delhi
Name of publisher Biotech Books
Year of publication 2013
300 ## - PHYSICAL DESCRIPTION
Number of Pages 274
942 ## - ADDED ENTRY ELEMENTS (KOHA)
Koha item type Books
Holdings
Withdrawn status Lost status Damaged status Collection code Home library Current library Shelving location Date acquired Source of acquisition Cost, normal purchase price Full call number Accession Number Koha item type
        KAUAET KAUAET General Stacks 13/06/2016 Universal Research Books, Thrissur 1050.00 637.1 VEN/PR 24307 Books
free website counter